000 01125nam a2200349 4500
003 OSt
005 20260601171008.0
008 260508b1976\\\\ag\\||||\||||\00|\0\spa\d
040 _aICI
_bspa
_cICI
041 _aspa
050 _aNA2750
_bO85
100 1 _aLaurence B Holland ;
_eautor
_932695
245 1 _a¿Quién diseña a Estados Unidos?
264 _aBuenos Aires :
_bEdiciones Infinito,
_c1976
300 _a271 páginas
336 _atexto
_2rdacontent
337 _asin medio
_2rdamedia
338 _avolumen
_2rdacarrier
490 0 _aBiblioteca de diseño y artes visuales ;
_v13
650 _aDiseño arquitectónico
700 _aLander, Susanne K. ;
_eautor
_932697
700 _award, John William ;
_eautor
_932698
700 _aPushkarev, Boris ;
_eautor
_932699
700 _aLynch, Kevin ;
_932700
700 _aGruen, Victor ;
_932701
700 _aColbert, Charles ;
_eautor
_932702
700 _aLogue, Edward J. ;
_eautor
_932703
700 _aLatham, Richard S. :
_eautor
_932704
700 _aOsmond, Humphry ;
_eautor
_932705
700 _aLarrabee, Eric ;
_eautor
_932706
942 _2lcc
_cB
_n1
999 _c20392
_d20392